[Event "Paracin Summer op-B 10th"]
[Site "Paracin"]
[Date "2017.07.11"]
[Round "5"]
[White "Krstic, Andrija Marko"]
[Black "Stojanov, Ptolomej Petar"]
[Result "1/2-1/2"]
[WhiteElo "2007"]
[BlackElo "1855"]
[PlyCount "50"]
[EventDate "2017.07.07"]
[EventType "swiss"]
[EventRounds "9"]
[EventCountry "SRB"]
[SourceTitle "EXT 2020"]
[Source "ChessBase"]
[SourceDate "2019.10.17"]
[SourceVersion "1"]
[SourceVersionDate "2019.10.17"]
[SourceQuality "1"]

1. d4 Nf6 2. c4 e6 3. Nc3 Bb4 4. f3 c5 5. d5 0-0 6. e4 b5 7. Bd3 bxc4 8. Bxc4 Nxd5 9. Bxd5 exd5 10. Qxd5 Nc6 11. Be3 Qf6 12. Nge2 Ba6 13. Bg5 Qe6 14. Qxe6 dxe6 15. 0-0-0 Ne5 16. Rd6 Bxe2 17. Nxe2 c4 18. Ra6 Nd3+ 19. Kb1 Rfb8 20. Bc1 Bd2 21. b3 Bxc1 22. Nxc1 Nxc1 23. Rxc1 cxb3 24. Rc7 bxa2+ 25. Kxa2 Rb6 1/2-1/2

[Event "Ohrid Lasker U18 op"]
[Site "Ohrid"]
[Date "2016.10.10"]
[Round "6"]
[White "Pavlov, Viktor1"]
[Black "Stojanov, Ptolomej Petar"]
[Result "1-0"]
[WhiteElo "1688"]
[BlackElo "1811"]
[PlyCount "117"]
[EventDate "2016.10.08"]
[EventType "swiss"]
[EventRounds "7"]
[EventCountry "MKD"]
[SourceTitle "CBM 175 Extra"]
[Source "ChessBase"]
[SourceDate "2016.12.12"]
[SourceVersion "1"]
[SourceVersionDate "2016.12.12"]
[SourceQuality "1"]

1. d4 Nf6 2. c4 e6 3. Nf3 d5 4. e3 Be7 5. Nc3 0-0 6. Bd2 b6 7. Bd3 Bb7 8. 0-0 dxc4 9. Bxc4 c5 10. dxc5 Qc7 11. Qe2 Qxc5 12. Bb3 Ba6 13. Qe1 Bxf1 14. Qxf1 Nbd7 15. Rc1 Qh5 16. Nb5 Rfc8 17. Rxc8+ Rxc8 18. Nxa7 Ra8 19. Nc6 Bd6 20. Bc3 Ng4 21. h3 Nge5 22. Ncxe5 Nxe5 23. Bd1 Qf5 24. a3 Nxf3+ 25. Bxf3 Rc8 26. Qd1 Qc5 27. g3 Qc7 28. Kg2 Qe7 29. Qb3 Bc5 30. Qa4 h6 31. Qb3 Qd7 32. a4 Qd3 33. Qb5 Qxb5 34. axb5 Be7 35. Bc6 Bf6 36. Kf3 Bxc3 37. bxc3 Rd8 38. Ke2 Kf8 39. e4 f6 40. f4 Ke7 41. e5 fxe5 42. fxe5 Rf8 43. g4 h5 44. Ke3 h4 45. Bf3 g5 46. Bg2 Rf4 47. Be4 Rf1 48. Ke2 Ra1 49. c4 Ra3 50. Bd3 Ra2+ 51. Ke1 Ra1+ 52. Kf2 Rh1 53. Bf1 Rh2+ 54. Bg2 Rxh3 55. Bxh3 Kd7 56. Ke3 Kc7 57. Kd4 Kc8 58. c5 Kc7 59. cxb6+ 1-0

[Event "Ohrid Lasker U18 op"]
[Site "Ohrid"]
[Date "2016.10.09"]
[Round "4"]
[White "Zvezdakoski, Matej"]
[Black "Stojanov, Ptolomej Petar"]
[Result "0-1"]
[WhiteElo "1485"]
[BlackElo "1811"]
[PlyCount "60"]
[EventDate "2016.10.08"]
[EventType "swiss"]
[EventRounds "7"]
[EventCountry "MKD"]
[SourceTitle "CBM 175 Extra"]
[Source "ChessBase"]
[SourceDate "2016.12.12"]
[SourceVersion "1"]
[SourceVersionDate "2016.12.12"]
[SourceQuality "1"]

1. e4 e5 2. Nf3 Nc6 3. Bc4 Nf6 4. Ng5 d5 5. exd5 Na5 6. Bb5+ c6 7. dxc6 bxc6 8. Be2 h6 9. Nf3 e4 10. Ne5 Bc5 11. c3 Qc7 12. d4 exd3 13. Nxd3 Bd6 14. h3 0-0 15. 0-0 Bf5 16. b3 Rad8 17. Bb2 Rfe8 18. c4 Rxe2 19. Bxf6 Bxd3 20. Kh1 gxf6 21. Qxd3 Ree8 22. Nc3 Bb4 23. Qf3 Qe5 24. Na4 Bd6 25. g3 Qe4 26. Qxe4 Rxe4 27. Rad1 Ree8 28. c5 Be5 29. f4 Bd4 30. Rf3 Rd5 0-1

[Event "Ohrid Lasker U18 op"]
[Site "Ohrid"]
[Date "2016.10.08"]
[Round "1"]
[White "Stojanov, Ptolomej Petar"]
[Black "Zrmanovska, Mihaela"]
[Result "1-0"]
[WhiteElo "1811"]
[BlackElo "1105"]
[PlyCount "69"]
[EventDate "2016.10.08"]
[EventType "swiss"]
[EventRounds "7"]
[EventCountry "MKD"]
[SourceTitle "CBM 175 Extra"]
[Source "ChessBase"]
[SourceDate "2016.12.12"]
[SourceVersion "1"]
[SourceVersionDate "2016.12.12"]
[SourceQuality "1"]

1. d4 d5 2. c4 e6 3. Nc3 Nf6 4. cxd5 exd5 5. Bg5 Be7 6. e3 c6 7. Bd3 0-0 8. Qc2 Nbd7 9. Nf3 Re8 10. 0-0 Nf8 11. h3 Ng6 12. Ne5 Be6 13. f4 Bd6 14. f5 h6 15. Bxf6 gxf6 16. Ng4 h5 17. fxe6 hxg4 18. exf7+ Kxf7 19. Bxg6+ Ke7 20. Bxe8 Qxe8 21. Qh7+ Qf7 22. Qxf7+ Kxf7 23. Rf5 Re8 24. hxg4 Rxe3 25. Raf1 Re6 26. g5 Kg6 27. Rxf6+ Rxf6 28. Rxf6+ Kxg5 29. Rxd6 Kf4 30. Kf2 Kf5 31. Kf3 Kg5 32. g4 Kh4 33. Nxd5 cxd5 34. Rxd5 b6 35. Rh5# 1-0

[Event "FRM-ch op 25th"]
[Site "Struga"]
[Date "2016.07.24"]
[Round "9"]
[White "Stojanov, Ptolomej Petar"]
[Black "Angjelkoska, Jana"]
[Result "1-0"]
[WhiteElo "1767"]
[BlackElo "1325"]
[PlyCount "95"]
[EventDate "2016.07.16"]
[EventType "swiss"]
[EventRounds "9"]
[EventCountry "MKD"]
[SourceTitle "CBM 173 Extra"]
[Source "ChessBase"]
[SourceDate "2016.08.29"]
[SourceVersion "1"]
[SourceVersionDate "2016.08.29"]
[SourceQuality "1"]

1. d4 d5 2. c4 e6 3. Nc3 Nf6 4. cxd5 exd5 5. Bg5 Be7 6. e3 Bf5 7. Bxf6 Bxf6 8. Qb3 b6 9. Qxd5 Qxd5 10. Nxd5 Bd8 11. Be2 c6 12. Nc3 Nd7 13. Nf3 c5 14. 0-0 0-0 15. h3 Nf6 16. dxc5 bxc5 17. Rac1 Be7 18. Rfd1 Rfd8 19. Rxd8+ Rxd8 20. Na4 Ne4 21. Bc4 Nd2 22. Nxd2 Rxd2 23. Bb3 g6 24. Nxc5 Rxb2 25. e4 Bxc5 26. Rxc5 Bxe4 27. Rc8+ Kg7 28. Rc7 a6 29. Rxf7+ Kh6 30. Ra7 Bd3 31. Bg8 g5 32. Rd7 Rb8 33. Rxd3 Rxg8 34. Rd6+ Rg6 35. Rxg6+ Kxg6 36. Kf1 Kf5 37. Ke2 Ke4 38. f3+ Kd4 39. Kd2 h5 40. g3 a5 41. a4 Kc4 42. Ke3 Kb4 43. f4 gxf4+ 44. gxf4 Kxa4 45. f5 Kb3 46. f6 a4 47. f7 a3 48. f8Q 1-0

[Event "FRM-ch op 25th"]
[Site "Struga"]
[Date "2016.07.23"]
[Round "8"]
[White "Stojanov, Ptolomej Petar"]
[Black "Koskoska, Gabriela"]
[Result "0-1"]
[WhiteElo "1767"]
[BlackElo "2050"]
[PlyCount "72"]
[EventDate "2016.07.16"]
[EventType "swiss"]
[EventRounds "9"]
[EventCountry "MKD"]
[SourceTitle "CBM 173 Extra"]
[Source "ChessBase"]
[SourceDate "2016.08.29"]
[SourceVersion "1"]
[SourceVersionDate "2016.08.29"]
[SourceQuality "1"]

1. d4 d6 2. e4 g6 3. c4 Bg7 4. Nc3 Nd7 5. Nf3 e5 6. Be2 Ne7 7. 0-0 0-0 8. Be3 h6 9. dxe5 dxe5 10. Qc2 c6 11. Rad1 Qc7 12. Nd2 f5 13. exf5 Nxf5 14. Nde4 Nd4 15. Qc1 Kh7 16. c5 b6 17. Bxd4 exd4 18. Nb1 Qe5 19. Bf3 bxc5 20. Rfe1 Rb8 21. Nbd2 Rb5 22. Nc4 Qc7 23. Ned6 Ne5 24. Bxc6 Qxc6 25. Rxe5 Bxe5 26. Nxb5 Bb8 27. f3 Bf4 28. Qc2 Qxb5 29. Re1 Re8 30. Re2 Rxe2 31. Qxe2 Be3+ 32. Kf1 Ba6 33. b3 Qb4 34. Qd3 Qc3 35. Qe4 Qc1+ 36. Ke2 Qd2+ 0-1

[Event "FRM-ch op 25th"]
[Site "Struga"]
[Date "2016.07.18"]
[Round "3"]
[White "Stojanov, Ptolomej Petar"]
[Black "Arizanov, Tome"]
[Result "1-0"]
[WhiteElo "1767"]
[BlackElo "1975"]
[PlyCount "67"]
[EventDate "2016.07.16"]
[EventType "swiss"]
[EventRounds "9"]
[EventCountry "MKD"]
[SourceTitle "CBM 173 Extra"]
[Source "ChessBase"]
[SourceDate "2016.08.29"]
[SourceVersion "1"]
[SourceVersionDate "2016.08.29"]
[SourceQuality "1"]

1. d4 Nf6 2. c4 g6 3. Nc3 Bg7 4. e4 d6 5. Be2 0-0 6. Nf3 Na6 7. 0-0 c5 8. d5 Nc7 9. Bf4 a6 10. Qd2 Rb8 11. e5 Nfe8 12. Rae1 b5 13. b3 bxc4 14. bxc4 Bd7 15. Bh6 Bg4 16. Ne4 f5 17. Bxg7 Kxg7 18. Neg5 h6 19. exd6 exd6 20. Ne6+ Nxe6 21. dxe6 Qf6 22. Bd1 f4 23. Qd3 Qe7 24. Nd4 Nf6 25. Nc6 Qc7 26. e7 Rfe8 27. Qd2 Qxc6 28. Bxg4 Nxg4 29. Qxf4 Ne5 30. Qd2 Qc7 31. f4 Nf7 32. Qc3+ Kg8 33. Qf6 Nh8 34. f5 1-0

[Event "FRM-ch op 25th"]
[Site "Struga"]
[Date "2016.07.16"]
[Round "1"]
[White "Stojanov, Ptolomej Petar"]
[Black "Biljanic, Ljubomir"]
[Result "0-1"]
[WhiteElo "1767"]
[BlackElo "2262"]
[PlyCount "126"]
[EventDate "2016.07.16"]
[EventType "swiss"]
[EventRounds "9"]
[EventCountry "MKD"]
[SourceTitle "CBM 173 Extra"]
[Source "ChessBase"]
[SourceDate "2016.08.29"]
[SourceVersion "1"]
[SourceVersionDate "2016.08.29"]
[SourceQuality "1"]

1. d4 Nf6 2. c4 e6 3. Nc3 Bb4 4. Qc2 0-0 5. Nf3 c5 6. dxc5 Na6 7. g3 Nxc5 8. Bg2 d5 9. cxd5 Nxd5 10. Bd2 Bxc3 11. Bxc3 Nxc3 12. Qxc3 Qb6 13. 0-0 Bd7 14. Ne5 Bb5 15. Rfc1 Na4 16. Qb4 a5 17. Qe7 Qd4 18. Nf3 Qd8 19. Qxb7 Rb8 20. Qe4 Nxb2 21. Rab1 Ba6 22. Rc2 Rb4 23. Qc6 Bb7 24. Qc7 Qxc7 25. Rxc7 Bxf3 26. Bxf3 Rfb8 27. Rbc1 g6 28. Ra7 Rc4 29. Rb1 Rc5 30. Bb7 Na4 31. Rb3 Nc3 32. Ba6 Rb4 33. Rxb4 axb4 34. Rb7 Nxa2 35. Bb5 Kf8 36. Ba4 Rc3 37. Kg2 g5 38. g4 h6 39. e3 f5 40. Bd7 Ke7 41. gxf5 exf5 42. Bxf5+ Kd6 43. Bb1 b3 44. Rxb3 Rxb3 45. Bxa2 Rb2 46. Bf7 Ke5 47. Kg3 Rb1 48. f4+ gxf4+ 49. exf4+ Kf5 50. Bh5 Rb3+ 51. Bf3 Ra3 52. Kg2 Kxf4 53. Bh5 Ra5 54. Be8 Rc5 55. Kh3 Kg5 56. Kg2 Rd5 57. Kg3 Rd3+ 58. Kg2 Kg4 59. Bc6 Rd2+ 60. Kg1 Kh3 61. Bf3 Rxh2 62. Bg4+ Kg3 63. Bf3 Rc2 0-1

[Event "Paracin-ch"]
[Site "Paracin"]
[Date "2016.01.21"]
[Round "4"]
[White "Stojanov, Ptolomej Petar"]
[Black "Djordjevic, Lazar"]
[Result "0-1"]
[WhiteElo "1715"]
[BlackElo "1986"]
[PlyCount "44"]
[EventDate "2016.01.19"]
[EventType "swiss"]
[EventRounds "9"]
[EventCountry "SRB"]
[SourceTitle "CBM 170 Extra"]
[Source "ChessBase"]
[SourceDate "2016.02.25"]
[SourceVersion "1"]
[SourceVersionDate "2016.02.25"]
[SourceQuality "1"]

1. c4 Nf6 2. Nf3 g6 3. Nc3 d5 4. cxd5 Nxd5 5. Qa4+ c6 6. e4 Nb6 7. Qd1 c5 8. d4 cxd4 9. Nxd4 Bg7 10. Be3 0-0 11. a4 Bd7 12. Ndb5 a6 13. a5 Nc8 14. Nd4 Nc6 15. Nb3 Nd6 16. Bb6 Qc8 17. Nc5 Be6 18. Be2 Nc4 19. Bxc4 Bxc4 20. Qa4 Ne5 21. Nd5 Qg4 22. Ne3 Qe2# 0-1

[Event "Skopje-ch op"]
[Site "Skopje"]
[Date "2015.12.13"]
[Round "1"]
[White "Stojanov, Ptolomej Petar"]
[Black "Nedev, Trajce"]
[Result "0-1"]
[WhiteElo "1808"]
[BlackElo "2482"]
[PlyCount "42"]
[EventDate "2015.12.13"]
[EventType "swiss"]
[EventRounds "9"]
[EventCountry "MKD"]
[SourceTitle "EXT 2018"]
[Source "ChessBase"]
[SourceDate "2017.10.13"]
[SourceVersion "1"]
[SourceVersionDate "2017.10.13"]
[SourceQuality "1"]

1. d4 Nf6 2. Nf3 g6 3. c4 Bg7 4. Nc3 0-0 5. e4 d6 6. Be2 e5 7. dxe5 dxe5 8. Bg5 Nbd7 9. 0-0 c6 10. Qc2 Qe7 11. Rfd1 Re8 12. a3 h6 13. Be3 Ng4 14. Bd2 Nc5 15. h3 Nf6 16. b4 Ne6 17. Be3 Nh5 18. c5 Nhf4 19. Kh2 g5 20. g3 Nxh3 21. Kxh3 Nd4+ 0-1